<?xml version="1.0" encoding="UTF-8"?><?xml-stylesheet type="text/xsl" href="static/style.xsl"?><OAI-PMH xmlns="http://www.openarchives.org/OAI/2.0/" xmlns:xsi="http://www.w3.org/2001/XMLSchema-instance" xsi:schemaLocation="http://www.openarchives.org/OAI/2.0/ http://www.openarchives.org/OAI/2.0/OAI-PMH.xsd"><responseDate>2026-04-28T19:08:27Z</responseDate><request verb="GetRecord" identifier="oai:uvadoc.uva.es:10324/8152" metadataPrefix="marc">https://uvadoc.uva.es/oai/request</request><GetRecord><record><header><identifier>oai:uvadoc.uva.es:10324/8152</identifier><datestamp>2021-06-29T10:26:54Z</datestamp><setSpec>com_10324_38</setSpec><setSpec>col_10324_852</setSpec></header><metadata><record xmlns="http://www.loc.gov/MARC21/slim" xmlns:doc="http://www.lyncode.com/xoai" xmlns:xsi="http://www.w3.org/2001/XMLSchema-instance" xmlns:dcterms="http://purl.org/dc/terms/" xsi:schemaLocation="http://www.loc.gov/MARC21/slim http://www.loc.gov/standards/marcxml/schema/MARC21slim.xsd">
<leader>00925njm 22002777a 4500</leader>
<datafield tag="042" ind1=" " ind2=" ">
<subfield code="a">dc</subfield>
</datafield>
<datafield tag="720" ind1=" " ind2=" ">
<subfield code="a">Filgueiras Redondo, Angela</subfield>
<subfield code="e">author</subfield>
</datafield>
<datafield tag="260" ind1=" " ind2=" ">
<subfield code="c">2014</subfield>
</datafield>
<datafield tag="520" ind1=" " ind2=" ">
<subfield code="a">Este Trabajo de Fin de Grado propone una metodología para enseñar Historia en la etapa de Educación Infantil. La metodología elegida son los rincones de juego que están basados en la práctica lúdica, libre y espontánea de las actividades para que los niños elaboren sus propios conocimientos. Para ello, se exponen las opiniones de algunos autores que defienden la posibilidad de que los niños aprendan historia a edades tempranas si los contenidos, la metodología y su tratamiento didáctico son adecuados. También se basa en varias experiencias que se han llevado a la práctica en diferentes aulas con buenos resultados.</subfield>
</datafield>
<datafield tag="024" ind2=" " ind1="8">
<subfield code="a">http://uvadoc.uva.es/handle/10324/8152</subfield>
</datafield>
<datafield ind1=" " ind2=" " tag="653">
<subfield code="a">Didactica de la Historia</subfield>
</datafield>
<datafield ind1=" " ind2=" " tag="653">
<subfield code="a">Educación infantil</subfield>
</datafield>
<datafield tag="245" ind1="0" ind2="0">
<subfield code="a">Una propuesta de acercamiento a la Historia en Educación Infantil</subfield>
</datafield>
</record></metadata></record></GetRecord></OAI-PMH>